000 00597nam a2200205Ia 4500
005 20230113105151.0
008 131103s9999 xx 000 0 und d
040 _aLoreto College
041 _aEnglish
082 _a821.4
_bSPE-BER
245 _aSpenser
_b a collection of critical essays
_cedited by Harry Berger
260 _aEnglewood Cliffs
_bPrentice Hall
_c1968
300 _avii,182 p.
504 _aincludes bibliographical references
650 _aEnglish Poetry
651 _a16th Century Poet - Edmund Spenser
700 _aBerges,Harry,ed.
850 _aLCLIB
942 _cBK
999 _c13132
_d63611